All Gran Turismo Manufacturers (1-7) - Statistics

General Stats
  • This quiz has been taken 1,037 times
  • The average score is 46 of 143
Answer Stats
Answer % Correct
Ferrari
96%
Ford
93%
Mercedes-Benz
90%
Toyota
89%
BMW
88%
Honda
88%
Lamborghini
87%
Audi
86%
Chevrolet
84%
Volkswagen
83%
Nissan
82%
Porsche
80%
Dodge
79%
Renault
79%
Fiat
77%
Hyundai
77%
Peugeot
77%
Aston Martin
75%
Alfa Romeo
73%
Citroën
73%
Subaru
70%
Bugatti
69%
Mitsubishi
69%
Mazda
68%
Volvo
68%
McLaren
66%
Jaguar
65%
Bentley
63%
Opel
63%
SEAT
62%
Suzuki
61%
Tesla Motors
61%
Škoda
60%
Maserati
58%
AC Cars
56%
Lexus
56%
Mini
56%
Cadillac
55%
Lotus
53%
Chrysler
52%
Pagani
50%
Acura
49%
Land Rover
49%
Alpine
48%
Vauxhall
48%
Lancia
47%
Jeep
46%
Buick
45%
Abarth
42%
Infiniti
41%
Pontiac
41%
Daihatsu
39%
AMG
36%
Holden
36%
Shelby
36%
RAM
35%
MG
34%
RUF
32%
TVR
29%
Gran Turismo
28%
Plymouth
28%
Caterham
24%
Genesis
24%
Isuzu
24%
KTM
24%
Mercury
23%
Nismo
22%
Datsun
21%
DS Automobiles
21%
DMC
18%
Scion
17%
Spyker
17%
Triumph
17%
Chaparral
16%
Saleen
16%
DeTomaso
15%
Jay Leno
15%
Lister
15%
Spoon
15%
Amuse
14%
Autobianchi
14%
Nike
14%
Oullim/Proto Motors
14%
BAC
13%
Pescarolo
13%
SRT
13%
Fisker
12%
Tommy Kaira
12%
Cizeta
11%
Eagle
11%
Gillet
11%
Jensen
11%
Mine's
11%
Panoz
11%
Radical
11%
TRD
11%
Ford AU/Tickford
10%
Ginetta
10%
Mugen
10%
Tom's
10%
Autobacs
9%
Callaway
9%
Dome
9%
HKS
9%
Marcos
9%
Renault Sport
9%
Venturi
9%
Zagato
9%
Afeela
8%
BVLGARI
8%
Hommell
8%
Italdesign
8%
RE Amemiya
8%
Super Formula
8%
Vector
8%
Art Morrison
7%
Blitz
7%
Fittipaldi Motors
7%
HPA Motorsports
7%
Hudson
7%
Opera Performance
7%
AEM
6%
Ayrton Senna
6%
Chris Holstrom Concepts
6%
FPV
6%
Garage RCR
6%
GReddy
6%
Polyphony Digital
6%
Roadster Shop
6%
Eckert's Rod & Customs
5%
Greening Auto Company
5%
Light Car Company
5%
Monster Sport
5%
Trial
5%
Wicked Fabrication
5%
DeltaWing
4%
Grand Touring Garage
3%
High End Performance
3%
Pozzi Motorsports
3%
Stielow Engineering
3%
Tajima
3%
D-Rights
1%
P-Ride
1%
No matching quizzes found
Score Distribution
Percent of People with Each Score
Percentile by Number Answered
Your Score History
You have not taken this quiz